00505 a2200169 4500003000500000005001700005040000900022082001500031100002900046245006800075260000900143300001000152650001900162942001200181999001900193952012300212Nust20221228141403.0 cNust a297.8, ROO a Root, Martha L.9106243 aTáhirih the pure/biran's Greatest Woman:cby Martha L. Root. c1938 a101:p aBiography9461 2ddccBK c185657d185657 00102ddc4070aMCSbMCScGENd2016-12-12o297.8,ROOpMCS29456r2016-12-08w2016-12-12yBKzAlmirah No.47, Shelf No.5